Name The Blue Power Rangers - Statistics

General Stats
  • This quiz has been taken 1,626 times
  • The average score is 14 of 19
Answer Stats
Team Answer % Correct
Mighty Morphin Billy Cranston
96%
SPD (1) Schuyler 'Sky' Tate
85%
Zeo Rocky De Santos
84%
Space TJ Johnson
84%
Turbo Justin Stewart
80%
Ninja Storm Tori Hanson
80%
Samurai Kevin
78%
Dino Thunder Ethan James
77%
SPD (2) Bridge Carson
76%
Megaforce Noah Carver
75%
Jungle Fury Theo Martin
74%
Mystic Force Madison Rocca
73%
Wild Force Max Cooper
73%
Lost Galaxy Kai Chen
71%
Time Force Lucas Kendall
69%
Lightspeed Rescue Chad Lee
66%
Operation Overdrive Dax Lo
65%
RPM Flynn McAllistair
63%
Alien Cestro
51%
No matching quizzes found
Score Distribution
Percent of People with Each Score
Percentile by Number Answered
Your Score History
You have not taken this quiz